|
|
|
|
| LEADER |
00000nam2a2200000 4500 |
| 001 |
339292 |
| 005 |
20231102005129.0 |
| 035 |
|
|
|a (RuTPU)RU\TPU\book\365803
|
| 035 |
|
|
|a RU\TPU\book\365796
|
| 090 |
|
|
|a 339292
|
| 100 |
|
|
|a 20171215d1939 k y0rusy50 ca
|
| 101 |
0 |
|
|a rus
|a eng
|
| 102 |
|
|
|a RU
|
| 105 |
|
|
|a a z 001zy
|
| 200 |
0 |
|
|a Т. 131 : Геология и полезные ископаемые Чукотского национального округа. Вып. 5: Район Чукотского полуострова
|d Geology and mineral deposits of the Chukchee District. Part 5. The district of the Chukchee Peninsula
|e [сборник статей]
|f под ред. Г. Л. Падалка
|
| 210 |
|
|
|d 1939
|
| 215 |
|
|
|a 188 с.
|c ил.
|
| 300 |
|
|
|a Резюме на англ. яз.
|
| 320 |
|
|
|a Библиогр. в конце ст.
|
| 461 |
|
1 |
|0 (RuTPU)RU\TPU\book\314159
|t Труды Арктического института
|l Transactions of the Arctic Institute
|f Всесоюзный арктический институт (ВАИ)
|v Т. 131 : Геология и полезные ископаемые Чукотского национального округа. Вып. 5: Район Чукотского полуострова
|d 1931-1938
|
| 510 |
1 |
|
|a Geology and mineral deposits of the Chukchee District. Part 5. The district of the Chukchee Peninsula
|z eng
|
| 606 |
1 |
|
|a Арктика
|x География
|2 stltpush
|3 (RuTPU)RU\TPU\subj\29357
|9 52708
|
| 610 |
1 |
|
|a исследования
|
| 610 |
1 |
|
|a Чукотский национальный округ
|
| 610 |
1 |
|
|a геология
|
| 610 |
1 |
|
|a полезные ископаемые
|
| 610 |
1 |
|
|a фауна
|
| 610 |
1 |
|
|a флора
|
| 610 |
1 |
|
|a тектоника
|
| 610 |
1 |
|
|a метаморфизм
|
| 675 |
|
|
|a 91(98)
|v 3
|
| 702 |
|
1 |
|a Падалка
|b Г. Л.
|4 340
|
| 801 |
|
1 |
|a RU
|b 63413507
|c 20130208
|
| 801 |
|
2 |
|a RU
|b 63413507
|c 20180118
|g RCR
|
| 942 |
|
|
|c BK
|